Historia del mundo moderno y la américa colonial /
Guardado en:
| Autor Principal: | |
|---|---|
| Otros Autores: | , |
| Formato: | Libro |
| Publicado: |
Buenos Aires :
Aique,
2006
|
| Series: | Conciencia Social
|
| Materias: | |
| Etiquetas: |
Agregar Etiqueta
Sin Etiquetas, Sea el primero en etiquetar este registro!
|
| LEADER | 01124nam a22002895a 4500 | ||
|---|---|---|---|
| 001 | CEM.cems013328 | ||
| 005 | 20100608210405.0 | ||
| 008 | 130507s2006##################000#0#####d | ||
| 003 | CEMS | ||
| 020 | |a 9870600719 | ||
| 082 | 0 | 4 | |a Z940.2 |
| 100 | 1 | |a Vázquez, Enrique C. | |
| 245 | 1 | 0 | |a Historia del mundo moderno y la américa colonial / |c Enrique C. Vázquez, María Ernestina Alonso y María Angeles Soletic |
| 260 | |a Buenos Aires : |b Aique, |c 2006 | ||
| 300 | |a 144 p. | ||
| 490 | 0 | |a Conciencia Social | |
| 500 | |a Anexo: Archivo de documentación histórica | ||
| 505 | 0 | |a La formación de la Europa moderna -- La conquista y la colonización europea de América -- La organización de la sociedad capitalista -- La crisis del orden colonial y la construcción de los estados americanos -- | |
| 653 | |a Historia | ||
| 653 | |a Historia moderna | ||
| 653 | |a Historia europea | ||
| 653 | |a América colonial-historia | ||
| 653 | |a Historia-egb | ||
| 653 | |a Historia-esb | ||
| 700 | 1 | |a Alonso, María Ernestina | |
| 700 | 1 | |a Soletic, María Angeles | |
| 859 | |a CEMS |b BIB. CEMS - 11 de abril |h Z940.2 |i V443-3 |p 25832.10 |t Ej.1 | ||
